| 000 | 00431 a2200145 4500 | ||
|---|---|---|---|
| 999 |
_c125 _d125 |
||
| 020 | _a9789381421185 | ||
| 050 | _aBF 121 KHA 2011 | ||
| 100 |
_aKhanam, Mahjabeen _eauthor |
||
| 245 |
_aTextbook of psychology / _cDr Mahjabeen Khanam |
||
| 264 |
_aNew Dehli : _b Random Publications., _c2011 |
||
| 300 |
_aviii, 288 pages : _b,23 cm |
||
| 500 | _aIncludes bibliography and index | ||
| 650 | _aPsychology. | ||
| 942 |
_2lcc _cBK _h121 _iKHA _kBF |
||